[Event "Südlohner SV 1 - SG Turm Raesfeld/Erle"]
[Site "Regionalliga, Gr. 2 2022/2023"]
[Date "2023.01.14"]
[Round "4.1"]
[White "Wilger, Frank"]
[Black "Voelker, Christian"]
[Result "1/2-1/2"]
[WhiteElo "2099"]
[BlackElo "2074"]
[PlyCount "149"]
[EventDate "2023.??.??"]
[SourceTitle "Verband Muensterland"]
[SourceDate "2022.09.15"]
[SourceVersion "1"]
[SourceVersionDate "2022.09.15"]
[SourceQuality "1"]
[WhiteTeam "Raesfeld Erle"]
[BlackTeam "Suedlohn"]
[WhiteTeamCountry "GER"]
[BlackTeamCountry "GER"]

1. d4 d5 2. Nf3 Nc6 3. b3 Bg4 4. Nbd2 e6 5. Bb2 Nf6 6. e3 Bd6 7. Be2 O-O 8. c4
Ne4 9. Nxe4 dxe4 10. Nd2 Bxe2 11. Qxe2 f5 12. c5 Be7 13. Qc4 Qd5 14. O-O Bg5
15. f4 Bf6 16. Bc3 Ne7 17. b4 Qd7 18. Nb3 Nd5 19. c6 bxc6 20. Bd2 g5 21. g3
gxf4 22. gxf4 Kh8 23. Kh1 Rg8 24. Rg1 Qf7 25. Qe2 Rxg1+ 26. Rxg1 Rg8 27. Rxg8+
Kxg8 28. Nc5 Be7 29. Nd7 Bd6 30. Ne5 Bxe5 31. dxe5 Qg6 32. Qa6 Qg4 33. Qc8+ Kf7
34. Qd7+ Ne7 35. a3 Qd1+ 36. Kg2 Qe2+ 37. Kg1 h5 38. h4 a6 39. Qd8 Qd3 40. Qxd3
exd3 41. Kf2 Ng6 42. e4 Nxh4 43. Ke3 fxe4 44. Kxe4 Ke7 45. Kxd3 Nf5 46. Be1 Kd7
47. Bf2 Kc8 48. a4 Kd7 49. Ke4 Kc8 50. Bc5 Kb7 51. Bf2 h4 52. Kf3 a5 53. bxa5
Ka6 54. Be1 c5 55. Kg4 c4 56. Bc3 Ne3+ 57. Kxh4 Nd5 58. Bd2 c3 59. Bc1 Kxa5 60.
Kg5 Kxa4 61. f5 exf5 62. Kxf5 Kb5 63. e6 Kc4 64. Ke4 Kc5 65. Ba3+ Kc6 66. e7
Nf6+ 67. Ke5 Ne8 68. Ke6 c2 69. Kf7 Kd7 70. Kf8 c5 71. Bc1 Nc7 72. Kf7 Ne8 73.
Bf4 Nd6+ 74. Kf8 Ne8 75. Bg5 1/2-1/2

[Event "Südlohner SV 1 - SG Turm Raesfeld/Erle"]
[Site "Regionalliga, Gr. 2 2022/2023"]
[Date "2023.01.14"]
[Round "4.3"]
[White "Buendgen, Achim"]
[Black "Kolakovic, Klaudio"]
[Result "1/2-1/2"]
[WhiteElo "2082"]
[BlackElo "2060"]
[PlyCount "198"]
[EventDate "2023.??.??"]
[SourceTitle "Verband Muensterland"]
[SourceDate "2022.09.15"]
[SourceVersion "1"]
[SourceVersionDate "2022.09.15"]
[SourceQuality "1"]
[WhiteTeam "Raesfeld Erle"]
[BlackTeam "Suedlohn"]
[WhiteTeamCountry "GER"]
[BlackTeamCountry "GER"]

1. d4 d5 2. Bg5 h6 3. Bh4 Nf6 4. Bxf6 exf6 5. e3 Bd6 6. Bd3 O-O 7. Qf3 Re8 8.
Ne2 Nc6 9. c3 Ne7 10. Nd2 c6 11. g4 Qd7 12. h3 Ng6 13. Rg1 Nh4 14. Qh1 Qe7 15.
Nf3 f5 16. Nxh4 Qxh4 17. Qf3 fxg4 18. hxg4 Qg5 19. O-O-O Bd7 20. Kb1 Bf8 21.
Nf4 g6 22. Nh5 Bg7 23. Nxg7 Kxg7 24. c4 dxc4 25. Bxc4 Be6 26. d5 cxd5 27. Bxd5
Rab8 28. Rd4 Bxd5 29. Rxd5 Re5 30. Rd7 Re7 31. Rgd1 Rxd7 32. Rxd7 Qf6 33. Qg3
Rd8 34. Rxb7 Qc6 35. Qe5+ Kg8 36. Rb8 Qh1+ 37. Kc2 Qd1+ 38. Kc3 Qd3+ 39. Kb4
Qd2+ 40. Ka4 Qd7+ 41. Ka5 Kh7 42. Rxd8 Qxd8+ 43. Ka4 Qd7+ 44. Ka3 Qxg4 45. Qe7
Qf3 46. Qxa7 h5 47. Qd4 Qxf2 48. b4 h4 49. b5 h3 50. b6 h2 51. Qe4 Qe1 52. b7
h1=Q 53. Qxh1+ Qxh1 54. b8=Q Qc1+ 55. Qb2 Qxe3+ 56. Qb3 Qa7+ 57. Kb2 g5 58. Qd5
Qb6+ 59. Kc3 Qf6+ 60. Kd3 Qf1+ 61. Ke3 Qf4+ 62. Ke2 Kg7 63. a4 g4 64. a5 g3 65.
Qf3 Qe5+ 66. Qe3 Qh5+ 67. Qf3 Qb5+ 68. Kd1 Qd7+ 69. Ke1 Qe7+ 70. Kf1 Qe5 71.
Kg2 Qxa5 72. Qxg3+ Kf6 73. Qd6+ Kg5 74. Qg3+ Kh6 75. Qd6+ Kg7 76. Qg3+ Kf8 77.
Qd6+ Ke8 78. Qc6+ Ke7 79. Qb7+ Ke8 80. Qc6+ Kf8 81. Qd6+ Kg8 82. Qg3+ Kh7 83.
Qd3+ f5 84. Qh3+ Kg6 85. Qg3+ Kf7 86. Qd6 Qa8+ 87. Kf2 Qa2+ 88. Kf3 Qe6 89.
Qxe6+ Kxe6 90. Kf4 Kf6 91. Kf3 Ke5 92. Ke3 f4+ 93. Kf3 Kf5 94. Kf2 Kg4 95. Kg2
f3+ 96. Kf2 Kf4 97. Kf1 Kg3 98. Kg1 f2+ 99. Kf1 Kf3 1/2-1/2

[Event "Südlohner SV 1 - SG Turm Raesfeld/Erle"]
[Site "Regionalliga, Gr. 2 2022/2023"]
[Date "2023.01.14"]
[Round "4.4"]
[White "Teloeken, Andreas"]
[Black "Vinke, Maarten"]
[Result "1-0"]
[WhiteElo "2033"]
[BlackElo "2081"]
[PlyCount "163"]
[EventDate "2023.??.??"]
[SourceTitle "Verband Muensterland"]
[SourceDate "2022.09.15"]
[SourceVersion "1"]
[SourceVersionDate "2022.09.15"]
[SourceQuality "1"]
[WhiteTeam "Suedlohn"]
[BlackTeam "Raesfeld Erle"]
[WhiteTeamCountry "GER"]
[BlackTeamCountry "GER"]

1. Nf3 d5 2. g3 c5 3. Bg2 Nf6 4. O-O Nc6 5. d4 e6 6. c4 Be7 7. cxd5 exd5 8. Nc3
O-O 9. Bg5 Re8 10. dxc5 d4 11. Na4 Bg4 12. h3 Bh5 13. b4 h6 14. Bd2 Nd5 15. b5
Bxf3 16. Bxf3 Ne5 17. Bg2 Nc4 18. Be1 Bf6 19. Rc1 Ne5 20. Qb3 Nc7 21. b6 axb6
22. cxb6 Ne6 23. Bxb7 Rb8 24. Bg2 d3 25. exd3 Nd4 26. Qd1 Nxd3 27. Rb1 Ne2+ 28.
Kh2 Qd4 29. Bf3 Nxe1 30. Bxe2 Re4 31. Qxd4 Rxd4 32. Nc5 Nc2 33. Na6 Re8 34. b7
Be5 35. b8=Q Bxb8 36. Rxb8 Rxb8 37. Nxb8 Rd2 38. Bb5 Ne3 39. Re1 Rxf2+ 40. Kh1
Nf5 41. Re8+ Kh7 42. Bd3 g6 43. Bxf5 gxf5 44. a4 Ra2 45. Re5 f4 46. a5 fxg3 47.
a6 Kg6 48. Re3 Kf5 49. Rxg3 Ke4 50. Rg2 Ra1+ 51. Rg1 Ra2 52. Rg2 Ra1+ 53. Kh2
f5 54. Rb2 f4 55. Nd7 Ke3 56. Rb3+ Ke2 57. Kg2 Rxa6 58. Ne5 h5 59. Rb2+ Ke3 60.
h4 Ke4 61. Nf3 Ra3 62. Re2+ Kf5 63. Re5+ Kg6 64. Rg5+ Kh6 65. Nd4 Rd3 66. Nf5+
Kh7 67. Kf2 Rh3 68. Kg2 Rd3 69. Rxh5+ Kg6 70. Rg5+ Kf6 71. Nh6 Ke6 72. Ng4 Rg3+
73. Kf2 Rh3 74. h5 Rg3 75. Rg6+ Ke7 76. h6 Rh3 77. Ra6 Kf7 78. Ra7+ Kf8 79. h7
f3 80. Ne5 Rh6 81. h8=Q+ Rxh8 82. Ng6+ 1-0

[Event "Südlohner SV 1 - SG Turm Raesfeld/Erle"]
[Site "Regionalliga, Gr. 2 2022/2023"]
[Date "2023.01.14"]
[Round "4.5"]
[White "Hoffmann, Fabian"]
[Black "Funke, Reinhard"]
[Result "0-1"]
[WhiteElo "2043"]
[BlackElo "2009"]
[PlyCount "48"]
[EventDate "2023.??.??"]
[SourceTitle "Verband Muensterland"]
[SourceDate "2022.09.15"]
[SourceVersion "1"]
[SourceVersionDate "2022.09.15"]
[SourceQuality "1"]
[WhiteTeam "Raesfeld Erle"]
[BlackTeam "Suedlohn"]
[WhiteTeamCountry "GER"]
[BlackTeamCountry "GER"]

1. e4 c5 2. Nf3 Nc6 3. Bb5 Qc7 4. Nc3 a6 5. Bxc6 dxc6 6. O-O e5 7. h3 f6 8. d3
Be6 9. b3 Bd6 10. Be3 b6 11. Nh4 Ne7 12. Qh5+ g6 13. Qe2 g5 14. Nf3 h5 15. Nd2
Ng6 16. Qf3 Qe7 17. Qg3 Nf4 18. Rfe1 Bc7 19. Ne2 O-O-O 20. a4 a5 21. f3 Rdg8
22. Kf2 g4 23. fxg4 hxg4 24. h4 Nh5 0-1

[Event "Südlohner SV 1 - SG Turm Raesfeld/Erle"]
[Site "Regionalliga, Gr. 2 2022/2023"]
[Date "2023.01.14"]
[Round "4.6"]
[White "Doennebrink, Elmar"]
[Black "Gesing, Felix"]
[Result "0-1"]
[WhiteElo "2025"]
[BlackElo "2034"]
[PlyCount "114"]
[EventDate "2023.??.??"]
[SourceTitle "Verband Muensterland"]
[SourceDate "2022.09.15"]
[SourceVersion "1"]
[SourceVersionDate "2022.09.15"]
[SourceQuality "1"]
[WhiteTeam "Suedlohn"]
[BlackTeam "Raesfeld Erle"]
[WhiteTeamCountry "GER"]
[BlackTeamCountry "GER"]

1. e4 d6 2. d4 Nf6 3. Nc3 Nbd7 4. Nf3 e5 5. Be2 Be7 6. O-O c6 7. a4 a5 8. Bg5
Qc7 9. Qd2 Nf8 10. h3 h6 11. Bh4 g5 12. Bg3 Ng6 13. dxe5 dxe5 14. Nh2 Nf4 15.
Bxf4 gxf4 16. Nf3 Rg8 17. Kh2 Bb4 18. Bc4 Bd7 19. Qe2 Rg7 20. Na2 Kf8 21. Nxb4
axb4 22. Rfe1 Kg8 23. Qd2 Kh8 24. Qxb4 Rag8 25. Bf1 Nh7 26. Rad1 c5 27. Qc3 f6
28. Rd5 b6 29. a5 c4 30. axb6 Qxb6 31. Rd2 Qe6 32. Nh4 Qb6 33. Bxc4 Rc8 34. Qb3
Qa5 35. Red1 Ba4 36. Qa2 Qa8 37. Bd5 Qa6 38. Ra1 Ra7 39. b3 Bb5 40. c4 Qxa2 41.
Rdxa2 Rxa2 42. Rxa2 Bc6 43. Nf5 Bxd5 44. exd5 Ng5 45. Ra6 Ne4 46. f3 Nd2 47.
Rxf6 Ra8 48. Rxh6+ Kg8 49. Re6 Ra1 50. h4 Kf7 51. c5 Rd1 52. Rb6 Nf1+ 53. Kh3
Ne3 54. Nh6+ Ke8 55. Kh2 Nf1+ 56. Kg1 Ng3+ 57. Kf2 Rf1# 0-1

[Event "Südlohner SV 1 - SG Turm Raesfeld/Erle"]
[Site "Regionalliga, Gr. 2 2022/2023"]
[Date "2023.01.14"]
[Round "4.7"]
[White "Beckmann, Klaus2"]
[Black "Hater, Wolfgang"]
[Result "0-1"]
[WhiteElo "2060"]
[BlackElo "1994"]
[PlyCount "64"]
[EventDate "2023.??.??"]
[SourceTitle "Verband Muensterland"]
[SourceDate "2022.09.15"]
[SourceVersion "1"]
[SourceVersionDate "2022.09.15"]
[SourceQuality "1"]
[WhiteTeam "Raesfeld Erle"]
[BlackTeam "Suedlohn"]
[WhiteTeamCountry "GER"]
[BlackTeamCountry "GER"]

1. e4 e5 2. Nf3 Nc6 3. Bb5 Nge7 4. c3 d6 5. d4 Bd7 6. O-O Ng6 7. Re1 Be7 8.
Nbd2 O-O 9. Nf1 Qe8 10. Bxc6 Bxc6 11. dxe5 dxe5 12. Ng3 Bc5 13. b4 Rd8 14. Qb3
Ba4 15. Qc4 Bd6 16. Be3 a6 17. Nf5 Qb5 18. Nd2 Rfe8 19. Qxb5 axb5 20. f3 Bf8
21. Rac1 b6 22. a3 Rd3 23. Kf2 Red8 24. Ke2 c5 25. g3 f6 26. h4 h5 27. Rg1 Kh7
28. g4 Nf4+ 29. Bxf4 exf4 30. Nf1 Bd1+ 31. Rxd1 Rxd1 32. gxh5 Rc1 0-1

[Event "Südlohner SV 1 - SG Turm Raesfeld/Erle"]
[Site "Regionalliga, Gr. 2 2022/2023"]
[Date "2023.01.14"]
[Round "4.8"]
[White "Wittek, Felix"]
[Black "Broemmel, Rudolf"]
[Result "0-1"]
[WhiteElo "1604"]
[BlackElo "1940"]
[PlyCount "80"]
[EventDate "2023.??.??"]
[SourceTitle "Verband Muensterland"]
[SourceDate "2022.09.15"]
[SourceVersion "1"]
[SourceVersionDate "2022.09.15"]
[SourceQuality "1"]
[WhiteTeam "Suedlohn"]
[BlackTeam "Raesfeld Erle"]
[WhiteTeamCountry "GER"]
[BlackTeamCountry "GER"]

1. e4 Nc6 2. Nf3 d6 3. d4 Nf6 4. Nc3 Bg4 5. Be2 e6 6. Be3 Be7 7. Nd2 Bxe2 8.
Qxe2 d5 9. e5 Nd7 10. Qg4 g6 11. a3 Nb6 12. b3 a5 13. Nf3 a4 14. b4 Nc4 15. b5
Na7 16. Bg5 h6 17. Bxe7 Qxe7 18. O-O Nxa3 19. Nxa4 N7xb5 20. Nc5 b6 21. Nd3 Kd7
22. Nf4 c6 23. Ra2 Nc3 24. Rb2 Nc4 25. Rb3 Ra3 26. Rxa3 Nxa3 27. Ra1 Ncb5 28.
Ne1 Kc7 29. Ne2 Kb7 30. Qf4 g5 31. Qf3 Ra8 32. Qh3 Qb4 33. g3 Nxd4 34. Qh5
Nxe2+ 35. Qxe2 Qc3 36. Rc1 Nc4 37. Nd3 Ra1 38. Rxa1 Qxa1+ 39. Kg2 Qd4 40. Qf3
Qe4 0-1

[Event "TV Borken 1 - SC Gronau 1"]
[Site "Regionalliga, Gr. 2 2022/2023"]
[Date "2023.01.14"]
[Round "4.1"]
[White "Monsma, Menno"]
[Black "Schulze Schwering, Philipp"]
[Result "1-0"]
[WhiteElo "2073"]
[BlackElo "2037"]
[PlyCount "95"]
[EventDate "2023.??.??"]
[SourceTitle "Verband Muensterland"]
[SourceDate "2022.09.15"]
[SourceVersion "1"]
[SourceVersionDate "2022.09.15"]
[SourceQuality "1"]
[WhiteTeam "Gronau"]
[BlackTeam "Borken"]
[WhiteTeamCountry "GER"]
[BlackTeamCountry "GER"]

1. e4 c6 2. d4 d5 3. exd5 cxd5 4. c4 Nf6 5. Nc3 Nc6 6. Nf3 Bg4 7. cxd5 Bxf3 8.
Qxf3 Nxd4 9. Qd3 e5 10. dxe6 Nxe6 11. Qxd8+ Rxd8 12. Bb5+ Nd7 13. O-O a6 14.
Bc4 Nb6 15. Bxe6 fxe6 16. Bg5 Be7 17. Rfe1 Rd6 18. Ne4 Rc6 19. Rac1 Rxc1 20.
Rxc1 Bxg5 21. Nxg5 Kd7 22. Re1 Rc8 23. Nxe6 Rc2 24. Nxg7 Rxb2 25. f4 Rxa2 26.
f5 Nd5 27. Nh5 Ne7 28. f6 Ng6 29. f7 b5 30. Nf4 Nf8 31. Re8 Ra4 32. g3 b4 33.
Rxf8 Ke7 34. Rh8 Kxf7 35. Rxh7+ Kf6 36. Rb7 a5 37. h4 Kf5 38. Kf2 Ra3 39. Ne2
Ke4 40. h5 Rf3+ 41. Kg2 Rf5 42. Nf4 Kd4 43. h6 Kc4 44. h7 Rf8 45. Ng6 Rd8 46.
Ne5+ Kc5 47. Nd7+ Kc4 48. Rb8 1-0

[Event "TV Borken 1 - SC Gronau 1"]
[Site "Regionalliga, Gr. 2 2022/2023"]
[Date "2023.01.14"]
[Round "4.2"]
[White "Schroer, Klaus"]
[Black "Kamphuis, Jasper"]
[Result "1-0"]
[WhiteElo "1982"]
[BlackElo "2082"]
[PlyCount "97"]
[EventDate "2023.??.??"]
[SourceTitle "Verband Muensterland"]
[SourceDate "2022.09.15"]
[SourceVersion "1"]
[SourceVersionDate "2022.09.15"]
[SourceQuality "1"]
[WhiteTeam "Borken"]
[BlackTeam "Gronau"]
[WhiteTeamCountry "GER"]
[BlackTeamCountry "GER"]

1. Nc3 d5 2. e4 d4 3. Nce2 c5 4. Ng3 e5 5. Nf3 Bd6 6. Bc4 h5 7. h4 Bg4 8. c3
Qd7 9. Qb3 Bxf3 10. gxf3 g6 11. d3 Nc6 12. Ne2 Na5 13. Bb5 Nxb3 14. Bxd7+ Kxd7
15. axb3 Ke6 16. f4 f6 17. fxe5 fxe5 18. f4 Nh6 19. fxe5 Bxe5 20. Bxh6 Rxh6 21.
Kd2 Rhh8 22. Rhg1 Rhg8 23. cxd4 cxd4 24. Ra4 a6 25. Nxd4+ Bxd4 26. Rxd4 Raf8
27. Ke3 Rf6 28. Rc4 Rgf8 29. Rg3 Kd7 30. Rd4+ Kc7 31. Rc4+ Kd7 32. e5 Rb6 33.
b4 Rf1 34. d4 Re1+ 35. Kd3 Ke7 36. b3 a5 37. Kd2 Rh1 38. bxa5 Rb5 39. Rxg6 Rh2+
40. Kc3 Rh3+ 41. Kb2 Rhxb3+ 42. Kc2 Kd7 43. Rd6+ Ke7 44. Rc7+ Ke8 45. Rh6 Rb2+
46. Kd3 R5b3+ 47. Ke4 Re2+ 48. Kd5 Rb5+ 49. Ke6 1-0

[Event "TV Borken 1 - SC Gronau 1"]
[Site "Regionalliga, Gr. 2 2022/2023"]
[Date "2023.01.14"]
[Round "4.3"]
[White "Luetkehermoelle, Martin"]
[Black "Beckmann, David"]
[Result "1-0"]
[WhiteElo "1928"]
[BlackElo "2019"]
[PlyCount "109"]
[EventDate "2023.??.??"]
[SourceTitle "Verband Muensterland"]
[SourceDate "2022.09.15"]
[SourceVersion "1"]
[SourceVersionDate "2022.09.15"]
[SourceQuality "1"]
[WhiteTeam "Gronau"]
[BlackTeam "Borken"]
[WhiteTeamCountry "GER"]
[BlackTeamCountry "GER"]

1. e4 e6 2. d4 d5 3. e5 c5 4. c3 Nc6 5. Nf3 Qb6 6. a3 Bd7 7. Be2 c4 8. Nbd2 Na5
9. O-O Ne7 10. Rb1 Nb3 11. Nxb3 Ba4 12. Nfd2 Nc6 13. Qe1 cxb3 14. Bd3 Be7 15.
Qe2 O-O-O 16. Nf3 Rdf8 17. Be3 Kb8 18. c4 dxc4 19. Bxc4 Na5 20. Bd3 Rc8 21.
Rbc1 Rhd8 22. Nd2 f5 23. f4 Rc2 24. Bxc2 bxc2 25. b4 Nb3 26. Nxb3 Bxb3 27. d5
Qa6 28. Qxa6 bxa6 29. d6 Bf8 30. Bc5 h6 31. h4 g5 32. g3 gxh4 33. gxh4 h5 34.
Rf2 Bh6 35. Be3 Rg8+ 36. Rg2 Rxg2+ 37. Kxg2 Kb7 38. Kg3 Ba4 39. Kf2 Kc6 40. Kf3
Bb3 41. Bxa7 Bf8 42. Ke3 Ba4 43. Kd2 Kd5 44. Rg1 Ke4 45. Rg6 Kxf4 46. Rg8 Kxe5
47. Rxf8 Kxd6 48. Rh8 Kd5 49. Rxh5 Kc4 50. Rg5 Kb3 51. Kc1 f4 52. Re5 Kxa3 53.
Rxe6 Kxb4 54. Rxa6 f3 55. Rxa4+ 1-0

[Event "TV Borken 1 - SC Gronau 1"]
[Site "Regionalliga, Gr. 2 2022/2023"]
[Date "2023.01.14"]
[Round "4.4"]
[White "Farwick, Christian"]
[Black "Hoge, Torsten"]
[Result "1-0"]
[WhiteElo "1905"]
[BlackElo "1921"]
[PlyCount "81"]
[EventDate "2023.??.??"]
[SourceTitle "Verband Muensterland"]
[SourceDate "2022.09.15"]
[SourceVersion "1"]
[SourceVersionDate "2022.09.15"]
[SourceQuality "1"]
[WhiteTeam "Borken"]
[BlackTeam "Gronau"]
[WhiteTeamCountry "GER"]
[BlackTeamCountry "GER"]

1. d4 Nf6 2. Bf4 e6 3. e3 d5 4. c3 Bd6 5. Bg3 O-O 6. Nd2 c5 7. Ngf3 Qc7 8. Ne5
Nbd7 9. f4 Rb8 10. Bd3 b5 11. O-O c4 12. Bc2 b4 13. Bh4 Be7 14. Rf3 bxc3 15.
bxc3 Bb7 16. Nxd7 Qxd7 17. Bxf6 Bxf6 18. Bxh7+ Kxh7 19. Rh3+ Kg8 20. Qh5 Bh4
21. Rxh4 f6 22. Nf3 Qe8 23. Qh7+ Kf7 24. Rg4 Rg8 25. Rf1 Bc8 26. h4 Rb7 27. h5
Kf8 28. Nh4 Qf7 29. Ng6+ Ke8 30. Ne5 Qf8 31. Qg6+ Kd8 32. Nc6+ Kc7 33. Nb4 a5
34. Na6+ Kc6 35. h6 Qe8 36. Qc2 Kd6 37. Nc5 Rc7 38. e4 gxh6 39. e5+ Kc6 40.
Qa4+ Kb6 41. Rb1+ 1-0

[Event "TV Borken 1 - SC Gronau 1"]
[Site "Regionalliga, Gr. 2 2022/2023"]
[Date "2023.01.14"]
[Round "4.5"]
[White "Langendijk, Andre"]
[Black "Boldrick, Marcel"]
[Result "0-1"]
[WhiteElo "1884"]
[BlackElo "1722"]
[PlyCount "64"]
[EventDate "2023.??.??"]
[SourceTitle "Verband Muensterland"]
[SourceDate "2022.09.15"]
[SourceVersion "1"]
[SourceVersionDate "2022.09.15"]
[SourceQuality "1"]
[WhiteTeam "Gronau"]
[BlackTeam "Borken"]
[WhiteTeamCountry "GER"]
[BlackTeamCountry "GER"]

1. d4 d5 2. Bg5 f6 3. Bh4 Nh6 4. e3 Nf5 5. Bd3 h5 6. Bxf5 Bxf5 7. h3 g5 8. Bg3
h4 9. Bh2 Qd7 10. Nd2 Nc6 11. c3 e6 12. Ne2 O-O-O 13. Qa4 Bd6 14. Bxd6 Qxd6 15.
b4 Kb8 16. Nb3 e5 17. Nc5 exd4 18. Nxd4 Nxd4 19. cxd4 Rhe8 20. Rc1 Re7 21. Rc3
Be4 22. Nxe4 Rxe4 23. Ra3 Qb6 24. O-O f5 25. f3 Rxe3 26. Rxe3 Qxd4 27. Rd1
Qxe3+ 28. Kh1 d4 29. Qb5 d3 30. Qxf5 Qe2 31. Rg1 d2 32. Qxg5 d1=Q 0-1

[Event "TV Borken 1 - SC Gronau 1"]
[Site "Regionalliga, Gr. 2 2022/2023"]
[Date "2023.01.14"]
[Round "4.6"]
[White "Klueppel, Ralf"]
[Black "Rothkegel, Juergen"]
[Result "1/2-1/2"]
[WhiteElo "1767"]
[BlackElo "1887"]
[PlyCount "33"]
[EventDate "2023.??.??"]
[SourceTitle "Verband Muensterland"]
[SourceDate "2022.09.15"]
[SourceVersion "1"]
[SourceVersionDate "2022.09.15"]
[SourceQuality "1"]
[WhiteTeam "Borken"]
[BlackTeam "Gronau"]
[WhiteTeamCountry "GER"]
[BlackTeamCountry "GER"]

1. d4 Nf6 2. Nf3 e6 3. e3 c5 4. Bd3 d5 5. b3 cxd4 6. exd4 Bd6 7. O-O O-O 8. Bb2
Nc6 9. Nbd2 b6 10. Ne5 Qc7 11. Nxc6 Qxc6 12. Qe2 Qc7 13. Nf3 Bb7 14. Ne5 h6 15.
Rac1 Rac8 16. h3 Qe7 17. Rfe1 1/2-1/2

[Event "TV Borken 1 - SC Gronau 1"]
[Site "Regionalliga, Gr. 2 2022/2023"]
[Date "2023.01.14"]
[Round "4.7"]
[White "Reinhold, Klaus"]
[Black "Schmidt, Sebastian"]
[Result "1/2-1/2"]
[WhiteElo "1816"]
[BlackElo "1664"]
[PlyCount "68"]
[EventDate "2023.??.??"]
[SourceTitle "Verband Muensterland"]
[SourceDate "2022.09.15"]
[SourceVersion "1"]
[SourceVersionDate "2022.09.15"]
[SourceQuality "1"]
[WhiteTeam "Gronau"]
[BlackTeam "Borken"]
[WhiteTeamCountry "GER"]
[BlackTeamCountry "GER"]

1. d4 d5 2. c4 e6 3. Nf3 Nf6 4. Nc3 Be7 5. Bf4 O-O 6. e3 b6 7. Bd3 dxc4 8. Bxc4
Bb7 9. O-O c5 10. Qe2 Nd5 11. Bg3 Nxc3 12. bxc3 cxd4 13. cxd4 Bd6 14. e4 Bxg3
15. hxg3 Nc6 16. Rfd1 Na5 17. Bb5 Rc8 18. Rac1 Qd6 19. Ba6 Qe7 20. Bxb7 Qxb7
21. Qd3 b5 22. Nd2 Nc4 23. Nxc4 Rxc4 24. d5 exd5 25. exd5 Rfc8 26. Rxc4 Rxc4
27. d6 Qd7 28. Re1 g6 29. Re7 Rc1+ 30. Kh2 Qg4 31. Re8+ Kg7 32. Re4 Qd1 33.
Qd4+ Qxd4 34. Rxd4 Rc8 1/2-1/2

[Event "TV Borken 1 - SC Gronau 1"]
[Site "Regionalliga, Gr. 2 2022/2023"]
[Date "2023.01.14"]
[Round "4.8"]
[White "Heisterkamp, Tom"]
[Black "Tsoukkerman, Boris"]
[Result "0-1"]
[WhiteElo "1365"]
[BlackElo "1847"]
[PlyCount "56"]
[EventDate "2023.??.??"]
[SourceTitle "Verband Muensterland"]
[SourceDate "2022.09.15"]
[SourceVersion "1"]
[SourceVersionDate "2022.09.15"]
[SourceQuality "1"]
[WhiteTeam "Borken"]
[BlackTeam "Gronau"]
[WhiteTeamCountry "GER"]
[BlackTeamCountry "GER"]

1. e4 Nf6 2. Nc3 d5 3. exd5 Nxd5 4. Nxd5 Qxd5 5. Nf3 e5 6. d4 Nc6 7. dxe5 Qxd1+
8. Kxd1 Bg4 9. Be2 O-O-O+ 10. Ke1 Bxf3 11. Bxf3 Nxe5 12. Be4 Bc5 13. Bg5 f6 14.
Bh4 Rhe8 15. Rd1 g5 16. Bg3 Nc6 17. f3 f5 18. Rxd8+ Kxd8 19. Ke2 fxe4 20. Rd1+
Nd4+ 21. Ke3 exf3+ 22. Kf2 Re2+ 23. Kf1 fxg2+ 24. Kg1 Kc8 25. Rxd4 Bxd4+ 26.
Bf2 Rxf2 27. h3 Re2+ 28. Kh2 g1=Q# 0-1

[Event "SG Turm Raesfeld/Erle 2 - SK Dülmen 1"]
[Site "Regionalliga, Gr. 2 2022/2023"]
[Date "2023.01.14"]
[Round "4.1"]
[White "Eiersbrock, Robin"]
[Black "Greifenberg, Daniel"]
[Result "1-0"]
[WhiteElo "2068"]
[BlackElo "2080"]
[PlyCount "65"]
[EventDate "2023.??.??"]
[SourceTitle "Verband Muensterland"]
[SourceDate "2022.09.15"]
[SourceVersion "1"]
[SourceVersionDate "2022.09.15"]
[SourceQuality "1"]
[WhiteTeam "Duelmen"]
[BlackTeam "Raesfeld Erle II"]
[WhiteTeamCountry "GER"]
[BlackTeamCountry "GER"]

1. c4 e5 2. g3 Nf6 3. Bg2 c6 4. Nf3 e4 5. Nd4 d5 6. cxd5 cxd5 7. d3 Bb4+ 8. Bd2
Bxd2+ 9. Qxd2 O-O 10. O-O Qb6 11. e3 Nc6 12. Nxc6 bxc6 13. dxe4 dxe4 14. Rc1
Rd8 15. Qc2 Ba6 16. b3 Rd6 17. Bxe4 Nxe4 18. Qxe4 Qa5 19. Nc3 Qh5 20. Rd1 Re6
21. Qa4 c5 22. Rd7 h6 23. Rad1 Kh7 24. Qf4 Rf8 25. R1d5 g5 26. Qf5+ Kg8 27.
Rxa7 Bc8 28. Qd3 Rf6 29. Ne4 Rf3 30. Rd8 Bg4 31. Rxf8+ Kxf8 32. Ra8+ Kg7 33.
Qd8 1-0

[Event "SG Turm Raesfeld/Erle 2 - SK Dülmen 1"]
[Site "Regionalliga, Gr. 2 2022/2023"]
[Date "2023.01.14"]
[Round "4.2"]
[White "Tuente, Marcel"]
[Black "Grund, Wolfgang"]
[Result "1-0"]
[WhiteElo "1845"]
[BlackElo "1916"]
[PlyCount "59"]
[EventDate "2023.??.??"]
[SourceTitle "Verband Muensterland"]
[SourceDate "2022.09.15"]
[SourceVersion "1"]
[SourceVersionDate "2022.09.15"]
[SourceQuality "1"]
[WhiteTeam "Raesfeld Erle II"]
[BlackTeam "Duelmen"]
[WhiteTeamCountry "GER"]
[BlackTeamCountry "GER"]

1. e4 c5 2. Nc3 Nc6 3. f4 g6 4. Nf3 Bg7 5. Bb5 Nd4 6. a4 e6 7. O-O Ne7 8. d3
O-O 9. Bc4 d5 10. Ba2 b6 11. e5 Nxf3+ 12. Rxf3 Nf5 13. Bd2 Bb7 14. Rh3 Qc7 15.
Qe1 a6 16. Ne2 d4 17. Ng3 Nxg3 18. Rxg3 Qc6 19. h4 h5 20. Qe2 Qxa4 21. Rxg6
Qxc2 22. Rxg7+ Kxg7 23. f5 Kg8 24. fxe6 Qxb2 25. exf7+ Rxf7 26. Bxf7+ Kxf7 27.
Rf1+ Ke6 28. Qxh5 Kd7 29. Qh6 Re8 30. Qd6+ 1-0

[Event "SG Turm Raesfeld/Erle 2 - SK Dülmen 1"]
[Site "Regionalliga, Gr. 2 2022/2023"]
[Date "2023.01.14"]
[Round "4.3"]
[White "Loedding, Detlef"]
[Black "Terhart, Juergen"]
[Result "1/2-1/2"]
[WhiteElo "1916"]
[BlackElo "1816"]
[PlyCount "42"]
[EventDate "2023.??.??"]
[SourceTitle "Verband Muensterland"]
[SourceDate "2022.09.15"]
[SourceVersion "1"]
[SourceVersionDate "2022.09.15"]
[SourceQuality "1"]
[WhiteTeam "Duelmen"]
[BlackTeam "Raesfeld Erle II"]
[WhiteTeamCountry "GER"]
[BlackTeamCountry "GER"]

1. e4 c6 2. Nc3 d5 3. Nf3 dxe4 4. Nxe4 Nf6 5. Nxf6+ exf6 6. d4 Bg4 7. Be2 Bd6
8. h3 Bh5 9. O-O O-O 10. Be3 Re8 11. Re1 Nd7 12. Qd2 Nf8 13. Rad1 Bc7 14. d5
cxd5 15. Qxd5 Qxd5 16. Rxd5 Bg6 17. c4 Be4 18. Rb5 a6 19. Rb3 Ba5 20. Rc1 Ne6
21. Bd3 Bc6 1/2-1/2